000 01570nmm a22003017a 4500
005 20260307064603.0
008 200929b2015 ag ||||| |||| 00| 0 spa d
020 _a9789500010979
040 _aAR-MoUNM
082 0 _220
_a930.071 5
_bARGENTI 691
110 1 _93477
_aArgentina.
_bMinisterio de Educación
245 1 0 _aHistoria mundial contemporánea
_h[recurso electrónico] /
_cMinisterio de Educación de la Nación
260 _aBuenos Aires :
_bMinisterio de Educación de la Nación,
_c2015.
300 _a1 Recurso en línea (204 p.)
490 0 _a(Quiero estudiar FINES)
505 0 _tUnidad 1: La formación de la sociedad burguesa, capitalista y liberal (fines del siglo XVIII-1850)
505 0 _tUnidad 2: El capitalismo liberal adquiere una dimensión mundial (1850-1914)
505 0 _tUnidad 3: La crisis de la sociedad capitalista liberal (1914-1930)
505 0 _tUnidad 4: Las respuestas a la crisis de las sociedades capitalistas y liberales. Hacia una nueva guerra (1930-1945)
505 0 _tUnidad 5: Un mundo dividido: el Estado de Bienestar versus el “socialismo real” (1945-1973)
505 0 _tUnidad 6: El fin de la guerra fría y un nuevo capitalismo, el neoliberal (1973-1991)
505 0 _tUnidad 7: ¿Crisis del capitalismo neoliberal? (1991-…)
650 7 _2unescot
_92599
_aEDUCACION DE ADULTOS
650 7 _aENSEÑANZA DE LA HISTORIA
_2unescot
_9641
650 7 _2unescot
_9126
_aHISTORIA CONTEMPORANEA
856 4 _yAcceda al libro electrónico
_uhttps://unmcloud.unm.edu.ar/index.php/s/sMFfFX2gGKsA9Yd
942 _cEBOOK
999 _c14598
_d14599